[Event "e2e4 Brighton Major"]
[Site "Brighton"]
[Date "2010.11.13"]
[Round "3"]
[White "Lee, Bryan"]
[Black "Fell, Colin"]
[Result "1-0"]
[WhiteElo "1824"]
[BlackElo "1562"]
[PlyCount "42"]
[EventDate "2010.11.12"]
[EventType "swiss"]
[EventRounds "5"]
[EventCountry "ENG"]
[SourceTitle "BritBase"]
[Source "John Saunders"]
[SourceDate "2024.12.03"]
[SourceVersion "1"]
[SourceVersionDate "2024.12.03"]
[SourceQuality "1"]

1. e4 d6 2. d4 g6 3. Nc3 c6 4. f4 Bg7 5. Nf3 Nd7 6. Be3 b5 7. e5 Nh6 8. Ne4 Nf5 9. Bd2 Bb7 10. Bd3 c5 11. e6 fxe6 12. Neg5 Qb6 13. Nxe6 Bxd4 14. Bxf5 Kf7 15. Neg5+ Ke8 16. Bxd7+ Kxd7 17. Nxd4 cxd4 18. Qg4+ Kc6 19. O-O-O a5 20. Rhe1 Qc7 21. Ne6 Bc8 1-0

[Event "e2e4 Brighton Major"]
[Site "Brighton"]
[Date "2010.11.13"]
[Round "3"]
[White "Nettleton, Charles B"]
[Black "Tidmarsh, David A"]
[Result "1-0"]
[WhiteElo "1841"]
[BlackElo "1738"]
[PlyCount "165"]
[EventDate "2010.11.12"]
[EventType "swiss"]
[EventRounds "5"]
[EventCountry "ENG"]
[SourceTitle "BritBase"]
[Source "John Saunders"]
[SourceDate "2024.12.03"]
[SourceVersion "1"]
[SourceVersionDate "2024.12.03"]
[SourceQuality "1"]

1. d4 d5 2. c4 e6 3. Nc3 Nf6 4. g3 Be7 5. Bg2 O-O 6. Qb3 c6 7. Nf3 Nbd7 8. Bf4 Re8 9. O-O Nh5 10. Bd2 f5 11. a4 Nhf6 12. a5 Ne4 13. c5 Nxd2 14. Nxd2 Bf6 15. Qa4 e5 16. e3 e4 17. b4 a6 18. Qb3 Kh8 19. Rfb1 Qe7 20. Bf1 Nf8 21. b5 axb5 22. Bxb5 cxb5 23. Nxd5 Be6 24. Nxe7 Bxb3 25. Nxf5 Ba4 26. Nd6 Re7 27. Nxb5 Bxb5 28. Rxb5 h6 29. Nc4 Ne6 30. Nd6 Nd8 31. Rab1 Kh7 32. Ra1 Kg6 33. Nc4 Rc7 34. Nb6 Ra6 35. Nd5 Rd7 36. Nf4+ Kh7 37. Ne2 Nc6 38. Ra2 Bd8 39. Nc3 Re7 40. Nd5 Rd7 41. Nb6 Bxb6 42. Rxb6 Rxa5 43. Rxa5 Nxa5 44. Re6 Nc4 45. Rxe4 Rf7 46. Rf4 Rd7 47. Kg2 Kg6 48. h4 Nd2 49. g4 Kh7 50. Rf8 Kg6 51. Kh3 Ne4 52. h5+ Kh7 53. Rf4 Nd2 54. Kg2 Nb3 55. Re4 Nd2 56. Re6 Nc4 57. f4 Na3 58. Kg3 Nc2 59. Re8 Nb4 60. g5 hxg5 61. fxg5 g6 62. h6 Nd3 63. Kf3 Rf7+ 64. Ke4 Nf2+ 65. Ke5 Nh3 66. Kd6 Nxg5 67. d5 Kxh6 68. c6 Rf6+ 69. Kd7 bxc6 70. dxc6 Nf7 71. c7 Nd6 72. e4 Nc4 73. Re6 Rf7+ 74. Re7 Rxe7+ 75. Kxe7 Nb6 76. e5 g5 77. Kf7 g4 78. e6 Nc8 79. e7 g3 80. Ke6 Nxe7 81. Kxe7 g2 82. c8=Q g1=Q 83. Qh8+ 1-0

[Event "e2e4 Brighton Major"]
[Site "Brighton"]
[Date "2010.11.13"]
[Round "3"]
[White "Payne, Matthew J"]
[Black "Staples, Daniel J"]
[Result "0-1"]
[WhiteElo "1849"]
[BlackElo "1992"]
[PlyCount "56"]
[EventDate "2010.11.12"]
[EventType "swiss"]
[EventRounds "5"]
[EventCountry "ENG"]
[SourceTitle "BritBase"]
[Source "John Saunders"]
[SourceDate "2024.12.03"]
[SourceVersion "1"]
[SourceVersionDate "2024.12.03"]
[SourceQuality "1"]

1. e4 d6 2. d4 Nf6 3. Nc3 e5 4. Nf3 Nbd7 5. Bc4 Be7 6. Be3 c6 7. Qe2 b5 8. Bb3 b4 9. Qc4 O-O 10. Na4 exd4 11. Bxd4 c5 12. Ng5 Qe8 13. Bxf6 Bxf6 14. Qd5 Rb8 15. f3 Bb7 16. Qf5 g6 17. Qf4 Qe7 18. h4 d5 19. c3 Bc6 20. O-O-O c4 21. exd5 cxb3 22. dxc6 bxa2 23. Kc2 Qe2+ 24. Kb3 bxc3+ 25. Ka3 cxb2 26. cxd7 Be7+ 27. Nc5 Bxc5+ 28. Ka4 Qa6# 0-1

[Event "e2e4 Brighton Major"]
[Site "Brighton"]
[Date "2010.11.13"]
[Round "3"]
[White "Selby, Paul R"]
[Black "Walshaw, David"]
[Result "1-0"]
[WhiteElo "1914"]
[BlackElo "1658"]
[PlyCount "89"]
[EventDate "2010.11.12"]
[EventType "swiss"]
[EventRounds "5"]
[EventCountry "ENG"]
[SourceTitle "BritBase"]
[Source "John Saunders"]
[SourceDate "2024.12.03"]
[SourceVersion "1"]
[SourceVersionDate "2024.12.03"]
[SourceQuality "1"]

1. d4 Nf6 2. c4 g6 3. g3 d5 4. Bg2 c6 5. Nf3 Bg7 6. O-O O-O 7. Nc3 Bf5 8. b3 Ne4 9. Bb2 Nxc3 10. Bxc3 Nd7 11. Nh4 Be6 12. e4 dxc4 13. Rc1 Nb6 14. b4 Qc7 15. a4 Rad8 16. a5 Nc8 17. Nf3 Bg4 18. Ba1 Nd6 19. h3 Bxf3 20. Qxf3 Rd7 21. Rfd1 Rfd8 22. d5 Bxa1 23. Rxa1 Nb5 24. h4 cxd5 25. exd5 c3 26. Rac1 Rc8 27. Bh3 f5 28. Qe2 Nd6 29. Qe6+ Nf7 30. Rxc3 Qxc3 31. Qxd7 Rc7 32. Qa4 Ne5 33. Bg2 Qb2 34. d6 exd6 35. Qe8+ Kg7 36. Rxd6 Qa1+ 37. Bf1 Rc1 38. Qb5 Nf3+ 39. Kg2 Ne1+ 40. Kh3 Nf3 41. Qxb7+ Kh6 42. Qxf3 Rxf1 43. Qe3+ Kg7 44. Rd7+ Kf6 45. Qe7# 1-0

[Event "e2e4 Brighton Major"]
[Site "Brighton"]
[Date "2010.11.13"]
[Round "3"]
[White "Spicer, Jonathan"]
[Black "Strauss, Donna"]
[Result "1/2-1/2"]
[WhiteElo "1602"]
[BlackElo "1834"]
[PlyCount "89"]
[EventDate "2010.11.12"]
[EventType "swiss"]
[EventRounds "5"]
[EventCountry "ENG"]
[SourceTitle "BritBase"]
[Source "John Saunders"]
[SourceDate "2024.12.03"]
[SourceVersion "1"]
[SourceVersionDate "2024.12.03"]
[SourceQuality "1"]

1. e4 d5 2. exd5 Nf6 3. c4 e6 4. dxe6 Bxe6 5. Nf3 c5 6. d4 cxd4 7. Qxd4 Bb4+ 8. Bd2 Qe7 9. a3 Bxd2+ 10. Nbxd2 Bxc4+ 11. Qe5 Be6 12. Bb5+ Nbd7 13. O-O O-O 14. Qe2 Qc5 15. Rac1 Qb6 16. b4 Rfe8 17. Qd3 Rad8 18. Rfe1 a6 19. Ba4 a5 20. Nc4 Bxc4 21. Rxe8+ Rxe8 22. Qxc4 axb4 23. axb4 Rd8 24. Qc7 Qxc7 25. Rxc7 b6 26. Kf1 Kf8 27. Ng5 h6 28. Nf3 Ke7 29. Ne5 Kd6 30. Rxd7+ Nxd7 31. Nxf7+ Ke7 32. Nxd8 Kxd8 33. Ke2 Ne5 34. h3 Ke7 35. Ke3 Kd6 36. Kd4 g5 37. Be8 Ke6 38. Bh5 Kd6 39. g3 Nd7 40. Bg4 Nf6 41. Bf5 Nd5 42. Kc4 Nc7 43. f4 gxf4 44. gxf4 Nd5 45. Kb5 1/2-1/2

[Event "e2e4 Brighton Major"]
[Site "Brighton"]
[Date "2010.11.14"]
[Round "4"]
[White "Benson, Peter"]
[Black "Walshaw, David"]
[Result "1/2-1/2"]
[WhiteElo "1746"]
[BlackElo "1658"]
[PlyCount "179"]
[EventDate "2010.11.12"]
[EventType "swiss"]
[EventRounds "5"]
[EventCountry "ENG"]
[SourceTitle "BritBase"]
[Source "John Saunders"]
[SourceDate "2024.12.03"]
[SourceVersion "1"]
[SourceVersionDate "2024.12.03"]
[SourceQuality "1"]

1. e4 d5 2. exd5 Nf6 3. Nc3 Nxd5 4. Nxd5 Qxd5 5. Nf3 Bf5 6. d3 e6 7. Be2 Nc6 8. O-O Be7 9. c3 Rd8 10. d4 O-O 11. Bf4 Qd7 12. Bd3 Bxd3 13. Qxd3 h6 14. Rfe1 Bf6 15. Qe3 Ne7 16. Be5 Nf5 17. Qe4 Bxe5 18. Qxe5 Qd6 19. Rad1 Rd7 20. Qa5 a6 21. Ne5 Qd5 22. Qa4 Rdd8 23. a3 f6 24. Nf3 Nd6 25. Qc2 Rf7 26. Qe2 Re8 27. Nd2 Rfe7 28. f4 c5 29. Nf3 cxd4 30. Rxd4 Qc5 31. Kh1 e5 32. fxe5 fxe5 33. Rdd1 e4 34. Nd4 Nf5 35. Nxf5 Qxf5 36. Rf1 Qe5 37. Qe3 Re6 38. Rd4 Qb5 39. Rf2 Qc6 40. Re2 Rf6 41. Kg1 Ref8 42. Rd1 Re8 43. Ree1 Rf5 44. Rd4 Rfe5 45. Rf1 Qe6 46. Rfd1 Re7 47. Rd6 Qf7 48. Rf1 Rf5 49. Rd8+ Kh7 50. Rdd1 Re6 51. Rde1 Kg8 52. Qd4 Rxf1+ 53. Rxf1 Qe7 54. Re1 e3 55. Qc4 Kh8 56. Qf4 e2 57. Qf3 Kg8 58. Qd3 Re3 59. Qd2 Re6 60. b4 b5 61. Qd3 Re3 62. Qd5+ Kh7 63. Qf5+ g6 64. Qg4 Rxc3 65. Qxe2 Qxe2 66. Rxe2 Rxa3 67. Re6 a5 68. bxa5 Rxa5 69. Rb6 Ra1+ 70. Kf2 Rb1 71. Rb7+ Kg8 72. g4 b4 73. Ke3 b3 74. Kd3 b2 75. Kc2 Rh1 76. Kxb2 Rxh2+ 77. Kc3 Rh4 78. g5 hxg5 79. Kd3 Rf4 80. Ke3 Rf7 81. Rb5 Rf5 82. Rb7 g4 83. Rb4 Rf3+ 84. Ke2 Kg7 85. Rxg4 Rf5 86. Ke3 Kh6 87. Ke4 Kh5 88. Rg1 Rg5 89. Rh1+ Kg4 90. Rg1+ 1/2-1/2

[Event "e2e4 Brighton Major"]
[Site "Brighton"]
[Date "2010.11.14"]
[Round "4"]
[White "Bryant, Richard BE"]
[Black "Lee, Bryan"]
[Result "1-0"]
[WhiteElo "1976"]
[BlackElo "1824"]
[PlyCount "65"]
[EventDate "2010.11.12"]
[EventType "swiss"]
[EventRounds "5"]
[EventCountry "ENG"]
[SourceTitle "BritBase"]
[Source "John Saunders"]
[SourceDate "2024.12.03"]
[SourceVersion "1"]
[SourceVersionDate "2024.12.03"]
[SourceQuality "1"]

1. Nc3 d5 2. e4 dxe4 3. Nxe4 Nc6 4. Bc4 Nf6 5. Ng5 e6 6. c3 Ne5 7. Bb5+ c6 8. Qe2 Qd5 9. f4 cxb5 10. fxe5 Nd7 11. d4 h6 12. N5f3 Be7 13. Nh3 b6 14. Nf4 Qc4 15. Qf2 Bb7 16. Be3 a5 17. Nd2 Qc7 18. O-O Bg5 19. Nh5 Bxe3 20. Qxe3 O-O-O 21. Ne4 Bxe4 22. Qxe4 g6 23. Ng3 Rhf8 24. Qa8+ Nb8 25. Ne4 Kd7 26. Nf6+ Ke7 27. Qf3 Qc6 28. Ng8+ Ke8 29. Qf6 Kd7 30. Nxh6 Kc7 31. Qg7 Kc8 32. Rxf7 Rxf7 33. Nxf7 1-0

[Event "e2e4 Brighton Major"]
[Site "Brighton"]
[Date "2010.11.14"]
[Round "4"]
[White "Clayton, Tristan"]
[Black "Badham, Duncan"]
[Result "1/2-1/2"]
[WhiteElo "1791"]
[BlackElo "1794"]
[PlyCount "72"]
[EventDate "2010.11.12"]
[EventType "swiss"]
[EventRounds "5"]
[EventCountry "ENG"]
[SourceTitle "BritBase"]
[Source "John Saunders"]
[SourceDate "2024.12.03"]
[SourceVersion "1"]
[SourceVersionDate "2024.12.03"]
[SourceQuality "1"]

1. e4 c5 2. Nc3 Nc6 3. g3 g6 4. Bg2 Bg7 5. d3 e6 6. f4 Nge7 7. Nf3 O-O 8. O-O Rb8 9. Be3 d6 10. Qd2 b5 11. a3 a5 12. Nd1 b4 13. a4 Nd4 14. Rb1 Ba6 15. Nf2 Qd7 16. b3 Nec6 17. Ng4 f5 18. Nf2 fxe4 19. Nxe4 Nf5 20. Bf2 Bb7 21. Rbd1 Nfd4 22. Be3 Nxf3+ 23. Bxf3 Nd4 24. Bg2 Rbe8 25. Kh1 Bd5 26. Kg1 Kh8 27. Rb1 Qc7 28. Kh1 Nf5 29. Bf2 Bd4 30. Kg1 Bc6 31. Rbd1 Kg7 32. Kh1 h6 33. Kg1 Bxf2+ 34. Qxf2 Nd4 35. Rc1 Rf7 36. Nd2 Bxg2 1/2-1/2

[Event "e2e4 Brighton Major"]
[Site "Brighton"]
[Date "2010.11.14"]
[Round "4"]
[White "Dean, Robert A"]
[Black "Morgan, Jonathan"]
[Result "0-1"]
[WhiteElo "1882"]
[BlackElo "1746"]
[PlyCount "126"]
[EventDate "2010.11.12"]
[EventType "swiss"]
[EventRounds "5"]
[EventCountry "ENG"]
[SourceTitle "BritBase"]
[Source "John Saunders"]
[SourceDate "2024.12.03"]
[SourceVersion "1"]
[SourceVersionDate "2024.12.03"]
[SourceQuality "1"]

1. e4 e5 2. Nf3 Nc6 3. Bb5 a6 4. Ba4 b5 5. Bb3 Na5 6. Bxf7+ Kxf7 7. Nxe5+ Ke7 8. d4 Qe8 9. Nc3 Kd8 10. Qf3 Nf6 11. Bg5 Be7 12. O-O-O Nd5 13. Nf7+ Qxf7 14. Qxf7 Bxg5+ 15. Kb1 Nxc3+ 16. bxc3 Bh6 17. g4 Re8 18. Rhg1 Bg5 19. Qxg7 h6 20. e5 Nc4 21. Qf7 Na3+ 22. Ka1 Nxc2+ 23. Kb2 Bb7 24. Kxc2 Be4+ 25. Kb2 Rb8 26. Rge1 Re7 27. Qh5 Bd5 28. Qh3 Re6 29. Qg3 b4 30. c4 Bxc4 31. f4 Be7 32. f5 Reb6 33. f6 Bf8 34. Rc1 Be6 35. Red1 b3 36. a4 Ba3+ 37. Kb1 Bxc1 38. Rxc1 Rb4 39. Rf1 b2 40. f7 Ba2+ 41. Kxa2 Rxa4+ 42. Qa3 Rxa3+ 43. Kxa3 Ke7 44. Ka2 b1=Q+ 45. Rxb1 Rxb1 46. Kxb1 Kxf7 47. h4 Ke6 48. Kc2 c5 49. Kc3 cxd4+ 50. Kxd4 a5 51. g5 hxg5 52. hxg5 a4 53. g6 Ke7 54. Kc3 Kf8 55. Kb4 Kg7 56. Kxa4 Kxg6 57. Kb3 Kf5 58. Kc3 Kxe5 59. Kd2 Kd4 60. Kd1 Kd3 61. Ke1 d5 62. Kd1 d4 63. Ke1 Kc2 0-1

[Event "e2e4 Brighton Major"]
[Site "Brighton"]
[Date "2010.11.14"]
[Round "4"]
[White "Fowler, David J"]
[Black "Lazarevic, Ljubica"]
[Result "1/2-1/2"]
[WhiteElo "1723"]
[BlackElo "1786"]
[PlyCount "31"]
[EventDate "2010.11.12"]
[EventType "swiss"]
[EventRounds "5"]
[EventCountry "ENG"]
[SourceTitle "BritBase"]
[Source "John Saunders"]
[SourceDate "2024.12.03"]
[SourceVersion "1"]
[SourceVersionDate "2024.12.03"]
[SourceQuality "1"]

1. e4 e5 2. f4 exf4 3. Nf3 d6 4. Bc4 Nf6 5. Nc3 Be6 6. Qe2 Be7 7. d4 d5 8. exd5 Nxd5 9. Nxd5 Bxd5 10. Bxf4 c6 11. c3 O-O 12. O-O Re8 13. Rae1 Nd7 14. Ne5 Nf6 15. Bxd5 cxd5 16. Qf3 1/2-1/2

[Event "e2e4 Brighton Major"]
[Site "Brighton"]
[Date "2010.11.14"]
[Round "4"]
[White "Gutta, Srikrishna"]
[Black "Nettleton, Charles B"]
[Result "1-0"]
[WhiteElo "1810"]
[BlackElo "1841"]
[PlyCount "77"]
[EventDate "2010.11.12"]
[EventType "swiss"]
[EventRounds "5"]
[EventCountry "ENG"]
[SourceTitle "BritBase"]
[Source "John Saunders"]
[SourceDate "2024.12.03"]
[SourceVersion "1"]
[SourceVersionDate "2024.12.03"]
[SourceQuality "1"]

1. d4 e6 2. c4 f5 3. Nf3 Nf6 4. e3 d6 5. Nc3 Be7 6. Bd3 Nc6 7. e4 e5 8. d5 fxe4 9. Nxe4 Nb8 10. Nfg5 g6 11. Nxf6+ Bxf6 12. Nxh7 Kf7 13. Nxf6 Qxf6 14. O-O g5 15. Qf3 Qxf3 16. gxf3 Kf6 17. Kh1 Bf5 18. Be4 Na6 19. Rg1 Rh5 20. Bxf5 Kxf5 21. Bd2 Nc5 22. Rg2 Rg8 23. b3 Nd7 24. Re1 a6 25. Re4 Nf6 26. Reg4 e4 27. fxe4+ Nxe4 28. Be3 Nf6 29. f3 Rg6 30. Kg1 c6 31. dxc6 bxc6 32. h4 Rxh4 33. Rxg5+ Rxg5 34. Rxg5+ Ke6 35. Ra5 d5 36. Rxa6 Kd7 37. Bg5 d4 38. Bxh4 d3 39. Kf2 1-0

[Event "e2e4 Brighton Major"]
[Site "Brighton"]
[Date "2010.11.14"]
[Round "4"]
[White "Healeas, Simon"]
[Black "Childs, Peter"]
[Result "1-0"]
[WhiteElo "1806"]
[BlackElo "1930"]
[PlyCount "29"]
[EventDate "2010.11.12"]
[EventType "swiss"]
[EventRounds "5"]
[EventCountry "ENG"]
[SourceTitle "BritBase"]
[Source "John Saunders"]
[SourceDate "2024.12.03"]
[SourceVersion "1"]
[SourceVersionDate "2024.12.03"]
[SourceQuality "1"]

1. d4 e6 2. Nf3 Nf6 3. e3 d5 4. Bd3 Be7 5. O-O O-O 6. Nbd2 Nbd7 7. b3 c6 8. Bb2 Re8 9. Ne5 Nf8 10. f4 a6 11. Rf3 N6d7 12. Rg3 f5 13. Qh5 Nxe5 14. fxe5 Qc7 15. Qxe8 1-0

[Event "e2e4 Brighton Major"]
[Site "Brighton"]
[Date "2010.11.14"]
[Round "4"]
[White "Jacob, Sydney J"]
[Black "Kelly, Paul J"]
[Result "1/2-1/2"]
[WhiteElo "1934"]
[BlackElo "1946"]
[PlyCount "45"]
[EventDate "2010.11.12"]
[EventType "swiss"]
[EventRounds "5"]
[EventCountry "ENG"]
[SourceTitle "BritBase"]
[Source "John Saunders"]
[SourceDate "2024.12.03"]
[SourceVersion "1"]
[SourceVersionDate "2024.12.03"]
[SourceQuality "1"]

1. c4 e5 2. g3 c6 3. d4 Bb4+ 4. Bd2 Bxd2+ 5. Qxd2 d6 6. dxe5 dxe5 7. Qxd8+ Kxd8 8. Nf3 f6 9. Nc3 Be6 10. b3 Kc7 11. Bg2 Nd7 12. O-O Nh6 13. Rfd1 Nf7 14. Ne4 h6 15. Rd2 Rhd8 16. Rad1 a5 17. Nd6 Nxd6 18. Rxd6 Nc5 19. Rxd8 Rxd8 20. Rxd8 Kxd8 21. Nd2 Kc7 22. Kf1 b6 23. Ke1 1/2-1/2

[Event "e2e4 Brighton Major"]
[Site "Brighton"]
[Date "2010.11.14"]
[Round "4"]
[White "Kreuzer, Christopher RL"]
[Black "Engelbrecht, Kevin P"]
[Result "1-0"]
[WhiteElo "1933"]
[BlackElo "1777"]
[PlyCount "63"]
[EventDate "2010.11.12"]
[EventType "swiss"]
[EventRounds "5"]
[EventCountry "ENG"]
[SourceTitle "BritBase"]
[Source "John Saunders"]
[SourceDate "2024.12.03"]
[SourceVersion "1"]
[SourceVersionDate "2024.12.03"]
[SourceQuality "1"]

1. e4 d5 2. exd5 Qxd5 3. Nc3 Qd6 4. d4 Nf6 5. Nf3 Bf5 6. Bd3 Bxd3 7. Qxd3 c6 8. O-O e6 9. Re1 Be7 10. Bg5 O-O 11. Bxf6 Bxf6 12. Ne4 Qd8 13. Qb3 b6 14. Ne5 Be7 15. Rad1 Qc7 16. c4 Nd7 17. Nxd7 Qxd7 18. d5 cxd5 19. cxd5 exd5 20. Rxd5 Qc7 21. Nc3 Rad8 22. Rde5 Bc5 23. Nd5 Qc8 24. Qg3 Qc6 25. Qf3 Qd7 26. Nf6+ gxf6 27. Qxf6 Bxf2+ 28. Kxf2 Qd4+ 29. Kf1 Qd3+ 30. Kg1 Rd5 31. Qg5+ Kh8 32. Rxd5 1-0

[Event "e2e4 Brighton Major"]
[Site "Brighton"]
[Date "2010.11.14"]
[Round "4"]
[White "Lawrence, David J"]
[Black "Fell, Colin"]
[Result "1/2-1/2"]
[WhiteElo "1714"]
[BlackElo "1562"]
[PlyCount "72"]
[EventDate "2010.11.12"]
[EventType "swiss"]
[EventRounds "5"]
[EventCountry "ENG"]
[SourceTitle "BritBase"]
[Source "John Saunders"]
[SourceDate "2024.12.03"]
[SourceVersion "1"]
[SourceVersionDate "2024.12.03"]
[SourceQuality "1"]

1. d4 g6 2. c4 Bg7 3. Nc3 d6 4. Nf3 Nd7 5. Bg5 f6 6. Bd2 Nh6 7. Qc1 Nf7 8. e4 e5 9. dxe5 fxe5 10. Be2 O-O 11. O-O Nf6 12. Rd1 b6 13. Bg5 Bb7 14. Nd5 Nxg5 15. Qxg5 Bxd5 16. exd5 Qd7 17. Qd2 Ng4 18. Rf1 Qf5 19. Nh4 Qh5 20. h3 Qxh4 21. Bxg4 Rae8 22. Be6+ Rxe6 23. dxe6 Qxc4 24. e7 Re8 25. Rac1 Qe6 26. Rxc7 Rxe7 27. Rxe7 Qxe7 28. Qd5+ Kh8 29. Rc1 e4 30. Rc7 Qf6 31. Qf7 Qxf7 32. Rxf7 a5 33. b3 Bd4 34. Kf1 Kg8 35. Rd7 Bc5 36. Ke2 h6 1/2-1/2

[Event "e2e4 Brighton Major"]
[Site "Brighton"]
[Date "2010.11.14"]
[Round "4"]
[White "Musthapha, Othman"]
[Black "Hjort, Helge"]
[Result "1-0"]
[WhiteElo "1699"]
[BlackElo "1926"]
[PlyCount "63"]
[EventDate "2010.11.12"]
[EventType "swiss"]
[EventRounds "5"]
[EventCountry "ENG"]
[SourceTitle "BritBase"]
[Source "John Saunders"]
[SourceDate "2024.12.03"]
[SourceVersion "1"]
[SourceVersionDate "2024.12.03"]
[SourceQuality "1"]

1. e4 c5 2. Nf3 e6 3. d4 cxd4 4. Nxd4 a6 5. Bd3 Nf6 6. O-O Nc6 7. Nxc6 bxc6 8. e5 Nd5 9. Qg4 f5 10. Qg3 a5 11. Nd2 Nb4 12. Nc4 g6 13. Bg5 Qc7 14. Bf6 Rg8 15. Nd6+ Bxd6 16. exd6 Qb6 17. Qh4 h5 18. Bd4 Qd8 19. Bf6 Qb6 20. Bxf5 Nd5 21. Be4 Kf7 22. Bxd5 cxd5 23. Be5 Qd8 24. Qf4+ Ke8 25. Qh6 Bb7 26. Rad1 Rc8 27. Rd4 Rc4 28. Rfd1 a4 29. a3 Kf7 30. Qh7+ Kf8 31. h4 Qe8 32. R1d3 1-0

[Event "e2e4 Brighton Major"]
[Site "Brighton"]
[Date "2010.11.14"]
[Round "4"]
[White "O'Gorman, Brendan"]
[Black "Spicer, Jonathan"]
[Result "1/2-1/2"]
[WhiteElo "1822"]
[BlackElo "1602"]
[PlyCount "69"]
[EventDate "2010.11.12"]
[EventType "swiss"]
[EventRounds "5"]
[EventCountry "ENG"]
[SourceTitle "BritBase"]
[Source "John Saunders"]
[SourceDate "2024.12.03"]
[SourceVersion "1"]
[SourceVersionDate "2024.12.03"]
[SourceQuality "1"]

1. Nf3 Nc6 2. d4 d5 3. Bf4 Nf6 4. e3 Bd7 5. c4 e6 6. Nc3 Be7 7. h3 O-O 8. cxd5 exd5 9. Be2 Bf5 10. O-O Qd7 11. Ne5 Nxe5 12. dxe5 Ne4 13. Nxd5 Rad8 14. Nxe7+ Qxe7 15. Qa4 Rd2 16. Bf3 Nc5 17. Qb4 Rc2 18. Rac1 b6 19. Rxc2 Bxc2 20. Rc1 Bf5 21. e4 Be6 22. Be3 Bxa2 23. Bxc5 bxc5 24. Qa3 Be6 25. Qxa7 c4 26. Be2 Qg5 27. Qe3 Qxe3 28. fxe3 Rb8 29. Bxc4 Bxc4 30. Rxc4 Rb7 31. b4 Kf8 32. Kf2 Ke7 33. Kf3 Kd7 34. Kf4 Rb6 35. Rd4+ 1/2-1/2

[Event "e2e4 Brighton Major"]
[Site "Brighton"]
[Date "2010.11.14"]
[Round "4"]
[White "Ropp, Wiatt"]
[Black "Hayward, Alan"]
[Result "1-0"]
[WhiteElo "1930"]
[BlackElo "1979"]
[PlyCount "113"]
[EventDate "2010.11.12"]
[EventType "swiss"]
[EventRounds "5"]
[EventCountry "ENG"]
[SourceTitle "BritBase"]
[Source "John Saunders"]
[SourceDate "2024.12.03"]
[SourceVersion "1"]
[SourceVersionDate "2024.12.03"]
[SourceQuality "1"]

1. c4 Nf6 2. g3 d5 3. Bg2 e5 4. cxd5 Bc5 5. Nc3 O-O 6. e3 Nbd7 7. a3 a5 8. Nf3 e4 9. Ng5 Ne5 10. Ngxe4 Nd3+ 11. Ke2 Nxc1+ 12. Rxc1 Be7 13. Nxf6+ Bxf6 14. Re1 Rb8 15. Kf1 b5 16. b4 axb4 17. axb4 Qe7 18. Qb3 g6 19. Ne4 Bg7 20. Nc5 h5 21. d4 h4 22. Qd3 hxg3 23. hxg3 Bh6 24. Rc2 Bg4 25. e4 Kg7 26. e5 Bf5 27. Be4 Bh3+ 28. Kg1 Rh8 29. Qf3 Bg5 30. Nd3 Rh7 31. e6 f5 32. Ne5 fxe4 33. Qf7+ Qxf7 34. Nxf7 Bf6 35. Rxc7 Kf8 36. Rec1 Bg4 37. Ne5 Rxc7 38. Rxc7 Bxe5 39. dxe5 Ra8 40. Rf7+ Ke8 41. Rg7 Ra1+ 42. Kh2 Rd1 43. d6 Bxe6 44. Re7+ Kd8 45. Rxe6 Rd5 46. Kg2 Kd7 47. Re7+ Kc6 48. Kf1 Rd4 49. Rc7+ Kb6 50. Rc1 Rd5 51. Ke2 Rxe5 52. Rd1 Re8 53. d7 Rd8 54. Ke3 Kc6 55. Kxe4 Rxd7 56. Rxd7 Kxd7 57. Ke5 1-0

[Event "e2e4 Brighton Major"]
[Site "Brighton"]
[Date "2010.11.14"]
[Round "4"]
[White "Staples, Daniel J"]
[Black "Larwood, Peter"]
[Result "1/2-1/2"]
[WhiteElo "1992"]
[BlackElo "1946"]
[PlyCount "107"]
[EventDate "2010.11.12"]
[EventType "swiss"]
[EventRounds "5"]
[EventCountry "ENG"]
[SourceTitle "BritBase"]
[Source "John Saunders"]
[SourceDate "2024.12.03"]
[SourceVersion "1"]
[SourceVersionDate "2024.12.03"]
[SourceQuality "1"]

1. e4 d5 2. exd5 Qxd5 3. Nc3 Qd6 4. g3 Nf6 5. Bg2 c6 6. d3 Bg4 7. Nf3 e6 8. h3 Bxf3 9. Qxf3 Be7 10. O-O O-O 11. a3 Nd5 12. Ne4 Qd8 13. Rd1 Nd7 14. c4 N5f6 15. d4 Nxe4 16. Qxe4 Re8 17. Qd3 Nf6 18. Qb3 Qb6 19. Qa4 a6 20. Be3 Rac8 21. b4 Qc7 22. Rac1 Qb8 23. Rb1 Bd8 24. Qc2 h6 25. Rdc1 Be7 26. Rb3 Bf8 27. f4 g6 28. Qf2 Bg7 29. a4 Qd6 30. b5 axb5 31. axb5 Ra8 32. Rcb1 Rec8 33. bxc6 bxc6 34. Rb6 Ra3 35. Rd1 Nd7 36. Rbb1 Rca8 37. Kh2 Nf6 38. Rb6 R8a6 39. Rdb1 Nd7 40. c5 Rxb6 41. Rxb6 Nxc5 42. Rxc6 Qb8 43. Rxc5 Qb3 44. Bc1 Ra4 45. Rc8+ Kh7 46. Qe3 Qd1 47. d5 Bd4 48. Qxd4 Rxd4 49. Bb2 g5 50. Bxd4 Qxd4 51. fxg5 hxg5 52. Rd8 e5 53. Re8 Kg7 54. Re7 1/2-1/2

[Event "e2e4 Brighton Major"]
[Site "Brighton"]
[Date "2010.11.14"]
[Round "4"]
[White "Watson, Darrell A"]
[Black "Selby, Paul R"]
[Result "0-1"]
[WhiteElo "1648"]
[BlackElo "1914"]
[PlyCount "104"]
[EventDate "2010.11.12"]
[EventType "swiss"]
[EventRounds "5"]
[EventCountry "ENG"]
[SourceTitle "BritBase"]
[Source "John Saunders"]
[SourceDate "2024.12.03"]
[SourceVersion "1"]
[SourceVersionDate "2024.12.03"]
[SourceQuality "1"]

1. e4 c6 2. d3 d5 3. Nd2 e5 4. Ngf3 Bd6 5. g3 Be6 6. Bg2 h6 7. O-O Qd7 8. Re1 d4 9. Nc4 Qc7 10. Nxd6+ Qxd6 11. Nh4 Ne7 12. f4 Na6 13. fxe5 Qxe5 14. Bf4 Qc5 15. Nf5 Bxf5 16. exf5 O-O-O 17. a3 Nd5 18. Re5 f6 19. b4 Qb6 20. Bxd5 Rxd5 21. Re7 Rd7 22. Qe2 Qd8 23. Re1 Nc7 24. Bxc7 Qxc7 25. Qe6 Qd6 26. Rxd7 Qxd7 27. Qe7 Rd8 28. b5 Qxe7 29. Rxe7 Rd7 30. Re8+ Rd8 31. Rxd8+ Kxd8 32. bxc6 bxc6 33. Kf2 Kc7 34. Kf3 Kb6 35. Kg4 Kb5 36. Kh5 Ka4 37. Kg6 Kxa3 38. Kxg7 a5 39. Kxf6 Kb2 40. Ke5 a4 41. f6 a3 42. f7 a2 43. f8=Q a1=Q 44. Qb4+ Kxc2 45. Qc4+ Qc3 46. Qxd4 Qxd3 47. Qc5+ Kd2 48. Qf2+ Qe2+ 49. Qxe2+ Kxe2 50. h4 Kf3 51. Kf5 Kxg3 52. h5 c5 0-1

[Event "e2e4 Brighton Major"]
[Site "Brighton"]
[Date "2010.11.14"]
[Round "4"]
[White "Young, Melvyn Jack"]
[Black "Payne, Matthew J"]
[Result "0-1"]
[WhiteElo "1938"]
[BlackElo "1849"]
[PlyCount "38"]
[EventDate "2010.11.12"]
[EventType "swiss"]
[EventRounds "5"]
[EventCountry "ENG"]
[SourceTitle "BritBase"]
[Source "John Saunders"]
[SourceDate "2024.12.03"]
[SourceVersion "1"]
[SourceVersionDate "2024.12.03"]
[SourceQuality "1"]

1. e4 e6 2. d4 d5 3. exd5 exd5 4. Nf3 Nc6 5. c4 Bf5 6. Be2 Nf6 7. Bg5 Be7 8. O-O Qd7 9. cxd5 Nxd5 10. Bxe7 Ndxe7 11. Bb5 O-O-O 12. Nc3 f6 13. Rc1 Qd6 14. Bxc6 Nxc6 15. d5 Qf4 16. Qb3 Nb4 17. Nb5 Bd3 18. Nxc7 Bxf1 19. Ne6+ Qxc1 0-1